|
|
|
|
| LEADER |
00000nam0a2200000 4500 |
| 001 |
354762 |
| 005 |
20231102010726.0 |
| 035 |
|
|
|a (RuTPU)RU\TPU\retro\12021
|
| 090 |
|
|
|a 354762
|
| 100 |
|
|
|a 20200625d1979 m y0rusy50 ca
|
| 101 |
0 |
|
|a rus
|
| 102 |
|
|
|a RU
|
| 105 |
|
|
|a a j 001zy
|
| 200 |
1 |
|
|a Учебное пособие по курсу "Преобразователи и источники питания". Теория и расчет импульсных стабилизаторов постоянного напряжения
|f Л. Е. Смольников
|g Московский энергетический институт ; ред. С. И. Васильев
|
| 210 |
|
|
|a Москва
|c Изд-во МЭИ
|d 1979
|
| 215 |
|
|
|a 80 с.
|c ил.
|
| 320 |
|
|
|a Библиогр.: с. 77
|
| 606 |
1 |
|
|a Стабилизаторы напряжения импульсные
|2 stltpush
|3 (RuTPU)RU\TPU\subj\56131
|9 74045
|
| 610 |
1 |
|
|a импульсные стабилизаторы напряжения
|
| 610 |
1 |
|
|a блок-схемы
|
| 610 |
1 |
|
|a импульсные регуляторы напряжения
|
| 610 |
1 |
|
|a построение
|
| 610 |
1 |
|
|a анализ
|
| 610 |
1 |
|
|a управляющие импульсы
|
| 610 |
1 |
|
|a непрерывные токи
|
| 610 |
1 |
|
|a прерывистые токи
|
| 610 |
1 |
|
|a учебные пособия
|
| 675 |
|
|
|a 621.316.722.1(075.8)
|v 4
|
| 700 |
|
1 |
|a Смольников
|b Л. Е.
|g Леонид Евгеньевич
|
| 702 |
|
1 |
|a Васильев
|b С. И.
|4 340
|
| 712 |
0 |
2 |
|a Московский энергетический институт
|c (1930-1992)
|2 stltpush
|3 (RuTPU)RU\TPU\col\20092
|9 27693
|
| 801 |
|
1 |
|a RU
|b 63413507
|c 20200625
|
| 801 |
|
2 |
|a RU
|b 63413507
|c 20210112
|g RCR
|
| 942 |
|
|
|c BK
|